000 00439nam a2200181Ia 4500
001 1613
005 20260306143741.0
008 260306t1995||||xx |||||||||||||| ||spa||
041 _aESP
082 _a153.42
_bF38
100 _aFernández Berrocal, Pablo
_eAUT
245 0 _aPrácticas de Psicología Cognitiva:
_bPensar
260 _c1995
300 _a55 páginas :
_c
650 _aGEN
654 _aCPS
942 _cLIB
_dJUS
_fJUS
_2ddc
_n
999 _c1613
_d1613